000 00544nam a2200181 i 4500
001 146868
003 ES-MaACL
005 20260511145842.0
007 t|
008 070919s1963 sp ||||1| spa d
100 _aTroyat, Henri,
_d1911-2007
_9233580
245 1 4 _aLas damas de Siberia /
_cHenri Troyat ; [versión española de Jaime Maestro].
260 _aBarcelona :
_bLuis de Caralt,
_c[1963]
300 _a327 p. ;
_c23 cm.
700 1 _aMaestro, Jaime.
_975406
852 _aES-MaACL
_jC-23685
_bR.52186
999 _c146868
_d146868